000 00637nam a2200205Ia 4500
001 5185
003 GE_BSU
008 181216s||||||||xx |||||||||||||| ||und||
040 _cGE_BSU
080 _a510.2
100 _aГильберт Д. Бернайс П.
245 _aОснования математики.
245 _cПод ред. С.И. Адяна. Пер. с немецкого Н.М. Нагорного. Гл. ред. физ.-мат. лит-ры
260 _aМосква
260 _bНаука
260 _c1982
300 _a651 с. 22 см.
653 _aОснования математики.
942 _cBK
999 _c38812
_d38812